Pinkuylluna : (Record no. 23178)

000 -CABECERA
fixed length control field 00801nam a22001937i 4500
003 - IDENTIFICADOR DEL NÚMERO DE CONTROL
control field AR-CdUCM
008 - DATOS DE LONGITUD FIJA--INFORMACIÓN GENERAL
fixed length control field 250121b20242024 pe||||| |||| 00| 0 spa d
040 ## - FUENTE DE LA CATALOGACIÓN
Agencia/entidad que catalogó originalmente la obra MUNICIPALIDAD PROVINCIAL DEL CUSCO
Entidad que transcribió la catalogación BIBLIOTECA MUNICIPAL DEL CUSCO
082 ## - NÚMERO DE LA CLASIFICACIÓN DECIMAL DEWEY
No. de Clasificación 985.613 / M95P
Notacion interna M95P
110 ## - ENTRADA PRINCIPAL--NOMBRE DE ENTIDAD CORPORATIVA
Nombre de la institución, jurisdicción como entrada principal Municipalidad Distrital de Ollantaytambo
9 (RLIN) 50938
245 ## - MENCIÓN DE TÍTULO
Título Pinkuylluna :
Resto del título Edición Sesquicentenario (CL) de la Creación política del Distrito de Ollantaytambo 150 años /
260 ## - PUBLICACIÓN, DISTRIBUCIÓN, ETC.
Lugar de publicación, distribución, etc. Ollantaytambo-Cusco :
Nombre de la editorial, distribuidor, etc. Municipalidad Distrital de Ollantaytambo
Fecha de publicación, distribución, etc. 2024
300 ## - DESCRIPCIÓN FÍSICA
Nº de Páginas Extensión 66 páginas. :
Dimensiones 24x18 cm.
500 ## - NOTA GENERAL
Bibliografía Bibliografía: página 66
505 ## - NOTA DE CONTENIDO CON FORMATO
Nota de contenido formateada La paqarina -- Las qolqas depósitos -- Enlucidos -- Atalayas -- Kaswanapata -- Inkapintay
942 ## - ELEMENTOS DE PUNTO DE ACCESO ADICIONAL (KOHA)
Fuente de clasificación
Tipo de item Libros-BMC
945 ## - PROCESAMIENTO DE INFORMACIÓN LOCAL (OCLC)
Catalogador pbjr
AAAA-MM-DD - Fecha de ingreso o modificacion 21-01-2025
Holdings
Estado de retiro (separado) Fuente de clasificación o esquema de estanterías Estado dañado Ubicación Sala donde se ubica Nombre de la colección Fecha de adquisición o compra Fuente de adquisición Costo, precio normal en soles Signatura topográfica Código de Barras Última vez visto (Koha) Tipo de ítem (Koha)
No     Sala Humanidades Sala Humanidades Book Cart 2025-01-21 Donación 20.00 985.613 / M95P SH0000016888 2025-01-21 Libros-BMC

Powered by Koha